000 00692nam a2200217Ii 4500
003 JO-AjNU
008 230606s9999||||xx |||||||||||||| ||und||
020 _a978-1-138-71913-2(hbk) / 978-1-315-19557-5(ebk)
040 _aJO-AjNU
_beng
_erda
_cJO-AjNU
041 _aeng
050 1 4 _aPR658.A88.Y36 2017
100 3 _aYamada, Akihiro,
_eauthor
_96043
245 0 0 _aExperiencing Drama in the English Renaissance: Readers and Audiences
250 _a1 ed
264 3 1 _aNew York: Routledge, 2017
300 _a278P
336 _atext
_btxt
_2rdacontent
337 _aunmediated
_bn
_2rdamedia
338 _avolume
_bnc
_2rdacarrier
650 4 _aDrama - Readers - English Renaissance
_96044
999 _aE3135
_c3132
_d3132